Score 0/17 Timer 02:00
1 Play Today
Clue 4-Letter Word % Correct
'Tom Sawyer' bandRUSH
95.7%
1993 film 'Schindler's _____'LIST
95.1%
Reddish brown substance that forms on ironRUST
94.9%
A redness or irritation of the skinRASH
94.3%
Dryer fuzzLINT
93.6%
A straight connection between two pointsLINE
93.5%
A short burst of windGUST
90.8%
To clamp down on with jaws or teethBITE
90.4%
A certain type of evergreen treePINE
90.1%
Clue 4-Letter Word % Correct
A fluid secreted by the liver to emulsify fatsBILE
86.2%
A heap or moundPILE
85.6%
The overarching idea or main pointGIST
84.7%
To crush into a pulpMASH
83.4%
The weblike pattern used in nets; to fit well togetherMESH
81.8%
Spanish word for 'table'MESA
80%
A unit of memory for computers or electronicsBYTE
76.2%
Metric prefix meaning 'million'MEGA
65.6%

Today's Daily Dose

Missing Word
I Hardly Know Her!

Word Ladder
Sentence Ending

Quick Pick
Female Firsts

Get the Picture
Triathlon Sports

Remove Ads.
Support Sporcle.
Get the best of Sporcle when you Go Orange. This ad-free experience offers more features, more stats, and more fun while also helping to support Sporcle. Thank you for becoming a member.

You're not logged in!

Compare scores with friends on all Sporcle quizzes.
OR
Log In

Show Comments

Extras

Top Quizzes Today


Score Distribution

Your Account Isn't Verified!

In order to create a playlist on Sporcle, you need to verify the email address you used during registration. Go to your Sporcle Settings to finish the process.

Report this User

Report this user for behavior that violates our Community Guidelines.

Details: